VCE software development (Record no. 88226)

MARC details
000 -LEADER
fixed length control field 00573nam a2200205Ia 4500
008 - FIXED-LENGTH DATA ELEMENTS--GENERAL INFORMATION
fixed length control field 191130s2009##################000#0#eng##
020 ## - INTERNATIONAL STANDARD BOOK NUMBER
ISBN 9780521718936
082 ## - DEWEY DECIMAL CLASSIFICATION NUMBER
Classification number 005.1 DAW
100 ## - MAIN ENTRY--AUTHOR NAME
Personal name Dawson, David
245 ## - TITLE STATEMENT
Title VCE software development
Statement of responsibility, etc David Dawson,Andrew Meyenn
260 ## - PUBLICATION, DISTRIBUTION, ETC. (IMPRINT)
Place of publication Cambridge
Name of publisher Cambridge University Press
Year of publication 2009
300 ## - PHYSICAL DESCRIPTION
Number of Pages iv,122p. :ill
650 ## - SUBJECT ADDED ENTRY--TOPICAL TERM
Topical Term Computer science
Topical Term Programming Language
700 ## - ADDED ENTRY--PERSONAL NAME
Personal name Meyenn, Andrew
991 ## -
-- 24548
Holdings
Withdrawn status Lost status Damaged status Not for loan Home library Current library Shelving location Date acquired Full call number Accession Number Price effective from Koha item type
        Anna Centenary Library Anna Centenary Library 3RD FLOOR, A WING 09.10.2020 005.1 DAW 196321 09.10.2020 English Books

Find us on the map